00242nam a2200109Ia 4500100001500000654001500015245005100030260002300081082000800104300000800112546001200120 aSchlaifer  astatistics aProbablity & Statistics For Business Decisions bMc Graw Hillc2001 a519 a732 aENGLISH